Temel kadın hastalıkları ve doğum bilgisi (Record no. 35309)

MARC details
000 -LEADER
fixed length control field 00417nam a2200169Ia 4500
020 ## - INTERNATIONAL STANDARD BOOK NUMBER
ISBN 9757467464
050 ## - CALL MARK
Classification number RG 101 .T45/
245 #0 - TITLE STATEMENT
Title Temel kadın hastalıkları ve doğum bilgisi
260 ## - PUBLICATION, DISTRIBUTION, ETC. (IMPRINT)
Place of publication Ankara
260 ## - PUBLICATION, DISTRIBUTION, ETC. (IMPRINT)
Name of publisher Güneş Kitabevi
260 ## - PUBLICATION, DISTRIBUTION, ETC. (IMPRINT)
Year of publication 1996
300 ## - PHYSICAL DESCRIPTION
Number of Pages 1645 p
650 ## - SUBJECT ADDED ENTRY--TOPICAL TERM
Topical Term JİNEKOLOJİ DOĞUMBİLİM
942 ## - ADDED ENTRY ELEMENTS (KOHA)
Koha item type Books
Holdings
Withdrawn status Lost status Source of classification or shelving scheme Damaged status Not for loan Permanent Location Current Location Date acquired Accession Number Price effective from Koha item type
    Library of Congress Classification     NILE UNIVERSITY OF NIGERIA - MAIN LIBRARY NILE UNIVERSITY OF NIGERIA - MAIN LIBRARY 04/23/2025 0184664 04/23/2025 Books